Techniques in speech acoustics

Salvato in:
Dettagli Bibliografici
Autori principali: Harrington, Jonathan (Autore), Cassidy, Steve (Autore)
Natura: Libro
Lingua:inglese
Pubblicazione: Dordrecht : Kluwer Academic Publishers, 1999
Soggetti:
Tags: Aggiungi Tag
Nessun Tag, puoi essere il primo ad aggiungerne!!

MARC

LEADER 00000nam a22000003a 4500
001 stu72939
005 20150617225648.4
008 011206s1999----ne------------------eng-d
020 |a 0-7923-5731-0 
040 |a STU  |b slo 
041 0 |a eng 
044 |a ne 
080 |a 534.2 
080 |a 621.39  |7 stu_us_auth*stu8291 
100 1 |a Harrington, Jonathan  |4 aut 
245 1 |a Techniques in speech acoustics 
260 |a Dordrecht :  |b Kluwer Academic Publishers,  |c 1999 
300 |a 319 s 
650 7 |a metódy akustické  |2 stusub 
650 7 |a akustoelektronika  |2 stusub 
700 1 |a Cassidy, Steve  |4 aut 
996 |b 284EK84254  |c E*84254  |l EE16  |s P  |a 0  |w stu72939_0001